Lanean...
| LEADER | 00625nam a22001697a 4500 | ||
|---|---|---|---|
| 008 | 130620b xxu||||| |||| 00| 0 eng d | ||
| 020 | |a 9780198069171 | ||
| 082 | |a 891.439 FAR | ||
| 100 | |a Farooqi, Mehr Afshan | ||
| 245 | |a The oxford India anthology of modern urdu literature |b poetry and misceellany |c edited by Mehr Afshan Farooqi | ||
| 260 | |a New Delhi |b Oxford |c 2010 | ||
| 300 | |a liii 325 p. | ||
| 650 | |a poetry | ||
| 650 | |2 procse miscellany | ||
| 942 | |2 ddc |c BK | ||
| 999 | |c 91 |d 91 | ||
| 952 | |0 0 |1 0 |2 ddc |4 0 |6 891_439000000000000_FAR |7 0 |9 89 |a MAIN |b MAIN |d 2013-06-20 |g 350.00 |l 2 |o 891.439 FAR |p 255 |r 2017-12-15 |s 2017-11-20 |w 2013-06-20 |y BK | ||